00370 a2200109 4500001001000000005001700010008004100027245006700068100003700135773007100172999001700243ART_2815620260410161951.0260409a 10aLa empresa familiar frente al nuevo Código Civil y Comercial1 aFavier Dubois, Eduardo Mario (h)0 tTemas de derecho comercialg- Año 1, Nº 2 (feb. 2015)wREV28151 c30395d30395